|
|
|
|
| LEADER |
00000ny a22000003n 4500 |
| 005 |
20110516142112.0 |
| 008 |
020820c20019999bl tr p s 0 0por |
| 022 |
0 |
|
|a 1676-8000
|
| 035 |
|
|
|a 5216
|
| 040 |
|
|
|a MnMULS
|d vLex
|
| 050 |
0 |
0 |
|a HC186
|b .R372
|
| 050 |
0 |
0 |
|a HC186
|b .R372
|
| 090 |
|
|
|c 1980
|d 1980
|
| 245 |
3 |
0 |
|a Revista brasileira de economia de empresas
|h [Recurso electrn̤ico]
|b Brazilian journal of business economics
|
| 246 |
1 |
3 |
|a RBEE
|
| 246 |
1 |
3 |
|a Brazilian journal of business economics
|
| 256 |
|
|
|a Servicio en ln̕ea
|
| 260 |
|
|
|a Brasailia :
|b Universidade Cataolica de Brasailia, Prao-Reitoria de Paos-Gradua?caao e Pesquisa, Mestrado em Economia de Empresas :
|b Editora Universa,
|
| 310 |
|
|
|a Three times a year
|
| 506 |
1 |
|
|a Contenido solo disponible en los productos indicados
|d vLex Global
|d vLex Global (Academic Edition, excluding Law Schools)
|d vLex Global (U.S. Academic Edition, excluding Law Schools)
|
| 710 |
2 |
|
|a Universidade Cataolica de Brasailia.
|b Mestrado em Economia de Empresas
|
| 740 |
|
|
|a vLex Revista (Servicios en ln̕ea)
|
| 780 |
0 |
0 |
|t Estudos empresariais
|
| 843 |
|
|
|a Electrn̤ica. Cerrada
|
| 853 |
|
|
|8 1
|i (year)
|j (month)
|k (day)
|
| 856 |
4 |
0 |
|z Acceso restringido
|u http://vlex.com/account/login_ip?fuente_id=5216
|
| 942 |
|
|
|c REV
|
| 999 |
|
0 |
|a Business enterprises
|z Brazil
|v Periodicals
|